| 000 | 00387 a2200133 4500 | ||
|---|---|---|---|
| 001 | 91629 | ||
| 082 | _aPR 1594 | ||
| 090 |
_c43784 _d43783 |
||
| 100 | _aShahzad Afgun; Prof Shakeel Alvi and Tahir, Advisors | ||
| 245 |
_aTo Design Electrical Backup System for Mushshak (MFI-17) Aircraft _n52 "B" EC |
||
| 260 |
_aRawalpindi _bNUST _c2000 |
||
| 300 | _a64p | ||
| 500 | _aBE Project Reports | ||
| 942 |
_aCAE NUST _kPR 1594 |
||
| 999 |
_c326702 _d326702 |
||